000 00530cam a2200145 4500500
005 20251228082904.0
041 _afre
042 _adc
100 1 0 _aNédelec, Claudine
_eauthor
245 0 0 _aêtre moderne, être à l'avant-garde : le champ de bataille des belles lettres au XVIIe siècle
260 _c2005.
500 _a51
786 0 _nDix-septième siècle | 228 | 3 | 2005-09-01 | p. 453-464 | 0012-4273
856 4 1 _uhttps://shs.cairn.info/revue-dix-septieme-siecle-2005-3-page-453?lang=fr&redirect-ssocas=7080
999 _c1600012
_d1600012